Địa lí 10

Saved in:
Bibliographic Details
Main Author: Lê, Thông
Other Authors: Trần, Trọng Hà
Format: Book
Language:Undetermined
Published: H. Giáo dục Việt Nam 2012
Subjects:
Online Access:http://lrc.tdmu.edu.vn/opac/search/detail.asp?aID=2&ID=16413
Tags: Add Tag
No Tags, Be the first to tag this record!
Institutions: Trung tâm Học liệu Trường Đại học Thủ Dầu Một
LEADER 00595nam a2200205Ia 4500
001 TDMU_16413
008 210410s9999 xx 000 0 und d
082 |a 910.71 
090 |b L250 
100 |a Lê, Thông 
245 0 |a Địa lí 10 
245 0 |c Lê Thông 
260 |a H. 
260 |b Giáo dục Việt Nam 
260 |c 2012 
300 |a 164tr. 
650 |a Sách lớp 10; Địa lí 
700 |a Trần, Trọng Hà 
856 |u http://lrc.tdmu.edu.vn/opac/search/detail.asp?aID=2&ID=16413 
980 |a Trung tâm Học liệu Trường Đại học Thủ Dầu Một